Statistics for Star Wars Rebles Characters

Click here to take the quiz!

General Stats

  • This quiz has been taken 52 times
  • The average score is 6 of 7

Answer Stats

HintAnswer% Correct
Young boy who has the forceEzra
97%
Jedi who survived order 66Kanan
91%
The DroidChopper
89%
She pilots the GhostHera
89%
The MandalorianSabine
89%
The LasatZeb
86%
From the Clone WarsAhsoka
57%

Score Distribution

Percentile by Number Answered

Percent of People with Each Score

Your Score History

You have not taken this quiz